000 00301nam a22001337a 4500
008 181107b xxu||||| |||| 00| 0 eng d
020 _a9780142002940
041 _aeng
080 _a621
100 _a27
101 _aENG
245 _aThe Penguim Atala War And Peace
_cDan.S
942 _2udc
_cBK
999 _c52084
_d52084